|
|
|
|
| LEADER |
01180nab#a2200397#ar4500 |
| 001 |
000098144 |
| 003 |
SVKKK |
| 005 |
20091027142335.0 |
| 008 |
080509c2009 xo |||||||||||||||b|eng |
| FMT |
|
|
|
| 015 |
|
|
|a SNBRB2009/05
|
| 038 |
|
|
|a SVKKK
|
| 040 |
|
|
|a SVKKK
|b slo
|e AACR2
|
| 041 |
0 |
|
|a eng
|b eng
|
| 044 |
|
|
|a xo
|c SK
|
| 080 |
|
|
|a 550.42(234.372.3)
|2 1997
|
| 080 |
|
|
|a 504.064
|2 1997
|
| 100 |
1 |
|
|a Barančoková, Mária
|4 aut
|
| 242 |
1 |
0 |
|a Zaťaženie Belianskych Tatier ťažkými kovmi
|
| 245 |
1 |
0 |
|a Heavy metal loading of the Belianske Tatry Mts
|c Mária Barančoková, Peter Barančok, Denisa Mišovičová
|
| 300 |
|
|
|b Obr., tab.
|
| 504 |
|
|
|a Bibliogr. odkazy
|
| 546 |
|
|
|a Res. angl.
|
| 650 |
0 |
4 |
|a znečistenie vysokohorského prostredia
|x ťažké kovy
|z Belianske Tatry (Slovensko)
|
| 651 |
|
4 |
|a Belianske Tatry (Slovensko)
|x znečistenie ťažkými kovmi
|
| 700 |
1 |
|
|a Barančok, Peter
|4 aut
|
| 700 |
1 |
|
|a Mišovičová, Denisa
|4 aut
|
| 773 |
0 |
|
|t Ekológia (Bratislava)
|g Roč. 28, č. 3 (2009), s. 255-268
|x 1335-342X
|
| 958 |
|
|
|a NB
|
| 958 |
|
|
|a SK
|
| 974 |
|
|
|a Ni
|
| 992 |
|
|
|a RBX
|
| BAS |
|
|
|
| 852 |
|
|
|a SVKKK
|b BIB
|
| EXP |
|
|
|
| 998 |
|
|
|a GEO
|